000 00587nam a22001937a 4500
008 131010b xxu||||| |||| 00| 0 alb d
020 _a9951868401
041 0 _aalb
080 _a159.922
100 1 _aZeneli, Isuf
245 1 0 _aBazat psikologjike të të nxënit :
_cIsuf Zeneli.
260 _aPrishtinë :
_b''Dukagjini''
_c2006
300 _a193 f. :
_bme il. ;
_c24 cm.
500 _aParathënie : f. 3-5
500 _a Fjalorth : f. 179-189
505 _aLiteratura e shfrytëzuar : f. 190-192
650 _aPsikologjia
942 _2udc
_cBK
999 _c92
_d92